[Event "SR 3. liga A2 2013/2014"]
[Site "?"]
[Date "2014.01.05"]
[Round "6.3"]
[White "Lanik, Miroslav"]
[Black "Kocak, Branislav"]
[Result "1/2-1/2"]
[WhiteElo "1925"]
[BlackElo "1912"]
[PlyCount "43"]
[EventDate "2013.??.??"]

1. e4 c5 2. Nf3 d6 3. d4 cxd4 4. Nxd4 Nf6 5. Nc3 a6 6. Bc4 Qc7 7. Bb3 e5 8. Nf5
Bxf5 9. exf5 Nbd7 10. Bg5 h6 11. Bxf6 Nxf6 12. Nd5 Qa5+ 13. c3 Nxd5 14. Bxd5
Qb5 15. Qb3 Qxb3 16. axb3 Rb8 17. b4 Be7 18. Ke2 g6 19. fxg6 fxg6 20. Be4 g5
21. Bg6+ Kd7 22. Rhd1 1/2-1/2

[Event "SR 3. liga A2 2013/2014"]
[Site "?"]
[Date "2014.01.05"]
[Round "6.3"]
[White "Jozefovic, Milan"]
[Black "Palka, Martin"]
[Result "0-1"]
[WhiteElo "1900"]
[BlackElo "1881"]
[PlyCount "50"]
[EventDate "2013.??.??"]

1. e4 c5 2. Nf3 e6 3. Bc4 a6 4. a4 Qc7 5. O-O Nc6 6. d4 cxd4 7. Nxd4 Nf6 8. Re1
Nxd4 9. Qxd4 Bc5 10. Qc3 Ng4 11. Be3 Qxh2+ 12. Kf1 Bxe3 13. fxe3 Qh1+ 14. Ke2
Qxg2+ 15. Kd1 Nf2+ 16. Kc1 Nxe4 17. Qd4 d5 18. Bd3 O-O 19. Bxe4 Qxe4 20. Qc3
Bd7 21. Nd2 Qg6 22. Nf3 Rac8 23. Qd2 f6 24. Rg1 Qe4 25. Ra3 Qxf3 0-1

[Event "SR 3. liga A2 2013/2014"]
[Site "?"]
[Date "2014.01.05"]
[Round "6.3"]
[White "Palka, Miroslav"]
[Black "Brunovsky, Peter"]
[Result "0-1"]
[WhiteElo "1924"]
[BlackElo "1829"]
[PlyCount "112"]
[EventDate "2013.??.??"]

1. c4 e6 2. g3 d5 3. Bg2 c6 4. Nf3 Nf6 5. O-O g6 6. d4 Bg7 7. Be3 O-O 8. Qc1
Re8 9. Ne5 Nbd7 10. Bg5 Qb6 11. c5 Qa6 12. Nxd7 Nxd7 13. Qd2 e5 14. Be3 exd4
15. Bxd4 Qxe2 16. Qc3 Bxd4 17. Qxd4 Qe5 18. Qb4 Qe7 19. Nc3 Qxc5 20. Qh4 Nf8
21. Qg5 Qe7 22. Qd2 Be6 23. Rfe1 Qf6 24. h4 h5 25. b4 a6 26. a4 Nd7 27. b5 axb5
28. axb5 Ne5 29. bxc6 bxc6 30. f4 Nc4 31. Qc2 Qd4+ 32. Kh2 Rxa1 33. Rxa1 Ne3
34. Qc1 Ng4+ 35. Kh1 Qf2 36. Qe1 Qxe1+ 37. Rxe1 Kf8 38. Kg1 Rb8 39. Ne2 c5 40.
Rc1 Rb2 41. Bf3 c4 42. Rd1 Ne3 43. Rc1 Nf5 44. Rd1 Ne3 45. Rc1 Ke7 46. Rc3 Rb1+
47. Kh2 Nf1+ 48. Kg2 Nd2 49. Nd4 Nb3 50. Nxe6 fxe6 51. g4 hxg4 52. Bxg4 Nd4 53.
h5 gxh5 54. Bxh5 Rb3 55. Rxb3 cxb3 56. Bg6 Nf5 0-1

[Event "SR 3. liga A2 2013/2014"]
[Site "?"]
[Date "2014.01.05"]
[Round "6.3"]
[White "Valla, Tomas"]
[Black "Skapikova, Lubica"]
[Result "0-1"]
[WhiteElo "1814"]
[BlackElo "1893"]
[PlyCount "52"]
[EventDate "2013.??.??"]

1. e4 e5 2. Nf3 Nc6 3. Bc4 Bc5 4. d3 Nf6 5. c3 O-O 6. Nbd2 d6 7. Bb3 a6 8. h3
h6 9. Nf1 Be6 10. Bc2 d5 11. Qe2 d4 12. Ng3 Nd7 13. Nh2 Re8 14. Qf3 Qf6 15. Nf5
Bxf5 16. exf5 dxc3 17. bxc3 e4 18. dxe4 Nb4 19. O-O Nxc2 20. Ng4 Qc6 21. Bxh6
gxh6 22. Rae1 Nxe1 23. Rxe1 Kh7 24. f6 Ne5 25. Qf5+ Ng6 26. Qh5 Bf8 0-1

[Event "SR 3. liga A2 2013/2014"]
[Site "?"]
[Date "2014.01.05"]
[Round "6.3"]
[White "Havlicek, Peter"]
[Black "Zajicek, Ferdinand"]
[Result "0-1"]
[WhiteElo "1851"]
[BlackElo "1823"]
[PlyCount "116"]
[EventDate "2013.??.??"]

1. e4 c5 2. Nf3 d6 3. Bc4 Nf6 4. Nc3 Nc6 5. h3 g6 6. O-O Bg7 7. Re1 O-O 8. a3
e5 9. Nd5 Be6 10. d3 h6 11. Be3 Kh7 12. c3 Ne7 13. Nxf6+ Bxf6 14. Bxe6 fxe6 15.
Qd2 Ng8 16. d4 cxd4 17. cxd4 b6 18. Rac1 Qd7 19. Rc3 Rac8 20. Rec1 Rxc3 21.
Rxc3 Rc8 22. dxe5 Rxc3 23. bxc3 Be7 24. Bf4 d5 25. c4 d4 26. Qxd4 Qxd4 27. Nxd4
Bxa3 28. Nxe6 a5 29. Kf1 Bb2 30. Ke2 Ne7 31. Kd3 Nc6 32. Nf8+ Kg7 33. Nd7 Nb4+
34. Kd2 a4 35. e6 a3 36. Be5+ Bxe5 37. Nxe5 Kf6 38. Ng4+ Kxe6 39. Kc3 a2 40.
Kb2 h5 41. Ne3 Nd3+ 42. Kxa2 Nxf2 43. Nd5 Nxe4 44. Nxb6 Ke5 45. Kb3 Kf4 46. Kc2
Kg3 47. Kd3 Nc5+ 48. Kd4 Nb7 49. Ke4 Kxg2 50. Kf4 Kxh3 51. Nd5 h4 52. Ne3 Nc5
53. Ng4 Nd3+ 54. Kf3 g5 55. Ne3 Ne5+ 56. Kf2 g4 57. c5 Nd3+ 58. Kg1 Nxc5 0-1

[Event "SR 3. liga A2 2013/2014"]
[Site "?"]
[Date "2014.01.05"]
[Round "6.5"]
[White "Spacek, Oliver"]
[Black "Nicolini, Alexander"]
[Result "1/2-1/2"]
[WhiteElo "2041"]
[BlackElo "2151"]
[PlyCount "89"]
[EventDate "2013.??.??"]

1. d4 f5 2. e4 fxe4 3. Nc3 Nf6 4. Bg5 Nc6 5. d5 Ne5 6. Qd4 Nf7 7. h4 c6 8. Bc4
Qb6 9. Bxf6 gxf6 10. Qxb6 axb6 11. Nxe4 f5 12. Ng3 Nd6 13. Bb3 cxd5 14. Bxd5 e6
15. Bb3 b5 16. Nf3 Nc4 17. O-O-O Bg7 18. c3 d5 19. Rhe1 O-O 20. a3 Bd7 21. Ne2
f4 22. Ned4 Rae8 23. Bxc4 bxc4 24. Ne5 Ba4 25. Rd2 Re7 26. Rde2 Rf6 27. h5 Rh6
28. Ng4 Rxh5 29. Rxe6 Rf7 30. Rd6 Bd7 31. Ne6 Bxe6 32. Rexe6 Rg5 33. Rd8+ Rf8
34. Nf6+ Bxf6 35. Rxf8+ Kxf8 36. Rxf6+ Ke7 37. Rxf4 Rxg2 38. Rh4 Rg7 39. Rh6
Rf7 40. f4 Kd7 41. Kd2 Rxf4 42. Rxh7+ Kc6 43. Rh2 Rf3 44. Kc2 Kc5 45. Rd2
1/2-1/2

[Event "SR 3. liga A2 2013/2014"]
[Site "?"]
[Date "2014.01.05"]
[Round "6.5"]
[White "Sturdik, Igor"]
[Black "Pericka, Tomas"]
[Result "1/2-1/2"]
[WhiteElo "2017"]
[BlackElo "1994"]
[PlyCount "54"]
[EventDate "2013.??.??"]

1. e4 c5 2. Nf3 Nc6 3. d4 cxd4 4. Nxd4 g6 5. Nc3 Bg7 6. Be3 Nf6 7. Bc4 Qa5 8.
O-O O-O 9. Bb3 d6 10. h3 Qh5 11. Qd2 Bd7 12. Rfe1 Rac8 13. Nxc6 Bxc6 14. Nd5
Bxd5 15. exd5 Ne4 16. Qd1 Bxb2 17. Qxh5 gxh5 18. Rad1 Bc3 19. Re2 Bf6 20. Bd4
Nc3 21. Bxc3 Rxc3 22. Re4 Rfc8 23. Kf1 a5 24. a4 Kf8 25. Ke2 R8c5 26. Rd3 Rxd3
27. Kxd3 Rc3+ 1/2-1/2

[Event "SR 3. liga A2 2013/2014"]
[Site "?"]
[Date "2014.01.05"]
[Round "6.5"]
[White "Nemeckay, Rastislav"]
[Black "Lukacovic, Miroslav"]
[Result "1-0"]
[WhiteElo "1986"]
[BlackElo "2003"]
[PlyCount "49"]
[EventDate "2013.??.??"]

1. e4 e6 2. Qe2 c5 3. g3 Nc6 4. Nf3 Be7 5. Bg2 Nf6 6. O-O O-O 7. c3 d5 8. e5
Nd7 9. d4 b6 10. h4 cxd4 11. cxd4 Nb4 12. Na3 Ba6 13. Nb5 Rc8 14. a3 Rc2 15.
Bd2 Rc4 16. a4 Nc2 17. b3 Rc6 18. Rac1 Qb8 19. Bg5 Bxg5 20. Nxg5 h6 21. Rxc2
Bxb5 22. axb5 Rxc2 23. Qxc2 Rc8 24. Qh7+ Kf8 25. Nf3 1-0

[Event "SR 3. liga A2 2013/2014"]
[Site "?"]
[Date "2014.01.05"]
[Round "6.5"]
[White "Bahna, Jan"]
[Black "Spacek, Marcel"]
[Result "0-1"]
[WhiteElo "1951"]
[BlackElo "1818"]
[PlyCount "80"]
[EventDate "2013.??.??"]

1. e4 c5 2. Nc3 Nc6 3. g3 e6 4. Bg2 a6 5. d3 b5 6. a3 Bb7 7. Nge2 Qc7 8. O-O
Nf6 9. h3 b4 10. axb4 cxb4 11. Na4 d5 12. Be3 Be7 13. Bb6 Qb8 14. f4 O-O 15. e5
Nd7 16. Be3 Qc7 17. g4 Na7 18. Rf2 Nb5 19. d4 Nb6 20. Nxb6 Qxb6 21. Kh2 a5 22.
f5 Qc7 23. Nf4 Bg5 24. Nxe6 fxe6 25. Bxg5 a4 26. Qd2 exf5 27. gxf5 b3 28. cxb3
axb3 29. Rc1 Qb8 30. Rc5 Nc7 31. Be7 Rf7 32. Bd6 Qd8 33. Qc3 Ne6 34. Rb5 Qh4
35. Rb4 Qxf2 36. fxe6 Rf5 37. Rxb7 Rg5 38. Qf3 Rxg2+ 39. Qxg2 Qf4+ 40. Kg1 Ra1+
0-1

[Event "SR 3. liga A2 2013/2014"]
[Site "?"]
[Date "2014.01.05"]
[Round "6.5"]
[White "Ocko, Martin"]
[Black "Kolenak, Matus"]
[Result "0-1"]
[WhiteElo "1736"]
[BlackElo "1949"]
[PlyCount "118"]
[EventDate "2013.??.??"]

1. d4 d5 2. c4 c6 3. Nf3 Nf6 4. e3 e6 5. Nc3 Be7 6. b3 O-O 7. Be2 Nbd7 8. O-O
b6 9. Bb2 Bb7 10. Rc1 Ne4 11. cxd5 cxd5 12. Nxe4 dxe4 13. Nd2 Rc8 14. Rxc8 Qxc8
15. Qb1 f5 16. Rc1 Qb8 17. Nc4 f4 18. Ne5 Nxe5 19. dxe5 Bc5 20. Bd4 Bxd4 21.
exd4 Qd8 22. Qb2 f3 23. Bf1 fxg2 24. Bxg2 Qg5 25. Re1 Rf3 26. Re2 Rd3 27. Qc2
Rxd4 28. Re3 Qxe5 29. Qe2 Qd6 30. Bxe4 Bxe4 31. Rxe4 Rxe4 32. Qxe4 Qd1+ 33. Kg2
Qd5 34. Kf3 Kf7 35. Ke3 Qxe4+ 36. Kxe4 Kf6 37. b4 a6 38. a4 Ke7 39. Ke5 Kd7 40.
h4 Ke7 41. b5 a5 42. f3 Kd7 43. f4 Ke7 44. Kd4 Kf6 45. Ke4 h5 46. Ke3 Kf5 47.
Kf3 e5 48. fxe5 Kxe5 49. Ke3 g6 50. Kf3 Kf5 51. Ke3 g5 52. hxg5 h4 53. Kd4 h3
54. Kd5 h2 55. Kc6 h1=Q+ 56. Kxb6 Qe1 57. Ka6 Qb4 58. b6 Qxa4 59. b7 Qb4 0-1

[Event "SR 3. liga A2 2013/2014"]
[Site "?"]
[Date "2014.01.05"]
[Round "6.5"]
[White "Krist, Milan"]
[Black "Pipiska, Adam"]
[Result "1/2-1/2"]
[WhiteElo "1946"]
[BlackElo "1737"]
[PlyCount "105"]
[EventDate "2013.??.??"]

1. d4 g6 2. c4 Bg7 3. Nc3 Nf6 4. Nf3 O-O 5. e4 d6 6. h3 c5 7. d5 Re8 8. Bd3 e6
9. dxe6 Rxe6 10. O-O b6 11. Re1 Bb7 12. Nd2 Nc6 13. f3 Nh5 14. Nd5 Bd4+ 15. Kh2
Qh4 16. Nf1 Bf2 17. Be3 Bxe1 18. Qxe1 Qxe1 19. Rxe1 Ne5 20. Be2 Bxd5 21. cxd5
Re7 22. g4 Ng7 23. Bg5 Rc7 24. f4 Nd7 25. Ne3 Re8 26. Bf3 b5 27. Bh4 Nb6 28.
Bg3 Na4 29. Re2 c4 30. e5 Rd7 31. Nd1 f6 32. e6 Rde7 33. Nf2 Nc5 34. Bh4 Rf8
35. Ne4 Nxe4 36. Rxe4 Ne8 37. Kg2 Nc7 38. Re2 Kg7 39. Bf2 a6 40. Bd4 Kg8 41.
Rc2 g5 42. f5 Kg7 43. b3 cxb3 44. axb3 Ra8 45. Rc6 Ne8 46. b4 Rc7 47. Bb6 Rxc6
48. dxc6 Rc8 49. Kf2 Nc7 50. Ke3 Kf8 51. Kd4 Ke7 52. Ba5 h6 53. Bg2 1/2-1/2

[Event "SR 3. liga A2 2013/2014"]
[Site "?"]
[Date "2014.01.05"]
[Round "6.5"]
[White "Skapik, Branislav"]
[Black "Mosny, Jaroslav"]
[Result "1/2-1/2"]
[WhiteElo "1841"]
[BlackElo "1916"]
[PlyCount "108"]
[EventDate "2013.??.??"]

1. Nf3 d5 2. g3 Nf6 3. Bg2 g6 4. O-O Bg7 5. d4 O-O 6. Nbd2 Nbd7 7. c4 c5 8. e3
cxd4 9. Nxd4 e5 10. Ne2 Nc5 11. Nb3 Nxb3 12. Qxb3 dxc4 13. Qxc4 Be6 14. Qb4 Rb8
15. Nc3 Re8 16. Rd1 Qe7 17. Qxe7 Rxe7 18. b3 Rd7 19. Bb2 b6 20. Rxd7 Nxd7 21.
Nd5 Bf8 22. Nc7 Bg4 23. h3 Rc8 24. hxg4 Rxc7 25. Rc1 Rxc1+ 26. Bxc1 Bb4 27. Bb2
Bd6 28. f4 exf4 29. gxf4 Nc5 30. Kf1 Nd3 31. Bf6 Nc1 32. Ke1 Nxa2 33. Kd2 Kf8
34. Be4 Nb4 35. Kc3 Na6 36. Bc6 Nb4 37. Be4 Na6 38. Bc6 h5 39. gxh5 gxh5 40.
Bf3 Nc5 41. Kc4 Nd7 42. Bg5 Be7 43. Bxe7+ Kxe7 44. Bxh5 Nc5 45. Bf3 Kd6 46. b4
Ne6 47. Bh5 f6 48. Bf3 Nc7 49. Bb7 Ne6 50. Bc8 Nc7 51. e4 Ne8 52. Kd4 a5 53.
bxa5 bxa5 54. e5+ fxe5+ 1/2-1/2

[Event "SR 3. liga A2 2013/2014"]
[Site "?"]
[Date "2014.01.05"]
[Round "6.5"]
[White "Hagara, Vladimir"]
[Black "Sadlon, Matus"]
[Result "1-0"]
[WhiteElo "1873"]
[BlackElo "1582"]
[PlyCount "77"]
[EventDate "2013.??.??"]

1. c4 c5 2. Nc3 e6 3. Nf3 Nc6 4. g3 Nf6 5. Bg2 d5 6. cxd5 exd5 7. d4 b6 8. O-O
Be7 9. b3 O-O 10. Bb2 Bb7 11. dxc5 bxc5 12. e3 Re8 13. Re1 Bf8 14. Rc1 Rc8 15.
Na4 Ne4 16. Nd2 Nb4 17. Nxe4 dxe4 18. Bf1 Nxa2 19. Ra1 Nb4 20. Bc4 Ba6 21. Bxa6
Nxa6 22. Qe2 Nb4 23. Red1 Qc7 24. Qc4 Nd3 25. Bc3 Qc6 26. Nb2 Nxb2 27. Bxb2 Rc7
28. Ra6 Qb7 29. Rda1 Qb4 30. Qd5 Rb8 31. Be5 Qb7 32. Qc4 Rcc8 33. Bxb8 Rxb8 34.
Rxa7 Qxb3 35. Qxe4 g6 36. R1a4 Qd1+ 37. Kg2 Qd2 38. Qc4 Rb2 39. Qxf7+ 1-0

[Event "SR 3. liga A2 2013/2014"]
[Site "?"]
[Date "2014.01.05"]
[Round "6.6"]
[White "Skreno, Vladimir"]
[Black "Schmikli, Laszlo"]
[Result "1-0"]
[WhiteElo "2195"]
[BlackElo "2244"]
[PlyCount "93"]
[EventDate "2013.??.??"]

1. d4 Nf6 2. Nf3 d6 3. c4 Nbd7 4. Nc3 c6 5. d5 g6 6. g3 Bg7 7. Bg2 O-O 8. dxc6
bxc6 9. Nd4 Bb7 10. Bxc6 Qc7 11. Bxb7 Qxb7 12. O-O Ne4 13. Nxe4 Qxe4 14. Be3
Rfc8 15. Qd3 Qg4 16. f3 Qh3 17. Rac1 Ne5 18. Qe4 Qd7 19. b3 h5 20. Rfd1 a6 21.
Nc2 f5 22. Qd5+ Nf7 23. Nd4 Bxd4 24. Qxd4 Rc6 25. c5 Rd8 26. Qa4 d5 27. Rd2 g5
28. Rcd1 e6 29. Bf2 Qb7 30. f4 g4 31. Qd4 Qe7 32. b4 Kh7 33. a4 Rb8 34. Rb2
Rbc8 35. Rc1 h4 36. b5 axb5 37. axb5 R6c7 38. b6 Rc6 39. gxh4 Kg6 40. Ra2 Rxb6
41. cxb6 Rxc1+ 42. Kg2 Rc4 43. Ra7 Qd6 44. h5+ Kxh5 45. Qf6 Qxf4 46. Qxf7+ Kg5
47. Qg8+ 1-0

[Event "SR 3. liga A2 2013/2014"]
[Site "?"]
[Date "2014.01.05"]
[Round "6.6"]
[White "Takacs, Laszlo"]
[Black "Malar, Pavol"]
[Result "1/2-1/2"]
[WhiteElo "2130"]
[BlackElo "2104"]
[PlyCount "101"]
[EventDate "2013.??.??"]

1. e4 e6 2. d3 d5 3. Nd2 Nf6 4. e5 Nfd7 5. f4 c5 6. c3 Nc6 7. Ngf3 b6 8. g3 Bb7
9. Bg2 Be7 10. O-O Qc7 11. a3 O-O-O 12. b4 h5 13. b5 Na5 14. Nb3 Nxb3 15. Qxb3
h4 16. a4 hxg3 17. hxg3 c4 18. Qd1 cxd3 19. Be3 g5 20. a5 gxf4 21. axb6 axb6
22. gxf4 Rdg8 23. Nd4 Nxe5 24. fxe5 Qxe5 25. Bf4 Qg7 26. Rf2 Qh7 27. Rf3 Qh1+
28. Kf2 Qxg2+ 29. Ke3 Rh3 30. Kxd3 Rxf3+ 31. Nxf3 Qg6+ 32. Kd2 Qg2+ 33. Kc1 Rh8
34. Ne1 Qe4 35. Ra4 Qf5 36. Qd4 Rh1 37. Qxb6 e5 38. Bd2 Bg5 39. Qc5+ Kd7 40.
Kb2 Bxd2 41. Ra7 Bxc3+ 42. Ka3 Bb4+ 43. Kxb4 Qb1+ 44. Ka5 Qxe1+ 45. Kb6 Qg1 46.
Rxb7+ Kd8 47. Qxg1 Rxg1 48. Rxf7 d4 49. Kc6 Rg6+ 50. Kd5 d3 51. Kxe5 1/2-1/2

[Event "SR 3. liga A2 2013/2014"]
[Site "?"]
[Date "2014.01.05"]
[Round "6.6"]
[White "Bisco, Igor"]
[Black "Frank, Jozsef"]
[Result "1-0"]
[WhiteElo "2086"]
[BlackElo "2098"]
[PlyCount "69"]
[EventDate "2013.??.??"]

1. e4 c5 2. Nf3 a6 3. d4 cxd4 4. Nxd4 e6 5. Nc3 d6 6. Bc4 Nf6 7. Bb3 Be7 8. Bg5
b5 9. a3 Nxe4 10. Bxe7 Nxc3 11. Qf3 Qxe7 12. Qxa8 Qc7 13. Qf3 Na4 14. O-O-O O-O
15. Bxa4 bxa4 16. Rd3 Bb7 17. Qg4 Nd7 18. Rg3 g6 19. h4 Nf6 20. Qe2 Ne4 21. Re3
e5 22. Nf3 Nf6 23. Rc3 Qe7 24. Rd1 Nd5 25. Rc4 Qf6 26. g3 Nb6 27. Rc3 Nd7 28.
Ng5 Nc5 29. f3 Qe7 30. Ne4 Ne6 31. Nxd6 Nd8 32. Nxb7 Nxb7 33. Qxa6 Re8 34. Qxa4
Rf8 35. Qd7 1-0

[Event "SR 3. liga A2 2013/2014"]
[Site "?"]
[Date "2014.01.05"]
[Round "6.6"]
[White "Ivan, Imrich"]
[Black "Hertel, Ondrej"]
[Result "0-1"]
[WhiteElo "2071"]
[BlackElo "2055"]
[PlyCount "46"]
[EventDate "2013.??.??"]

1. Nf3 d5 2. b3 Nf6 3. e3 g6 4. Bb2 Bg7 5. Be2 O-O 6. O-O b6 7. d4 Bb7 8. Nbd2
Nbd7 9. Ne5 Nxe5 10. dxe5 Nd7 11. f4 f6 12. exf6 Bxf6 13. Bxf6 Rxf6 14. Bf3 e5
15. c4 e4 16. Be2 Nc5 17. Qc2 d4 18. exd4 Qxd4+ 19. Kh1 Rxf4 20. Rxf4 Qxa1+ 21.
Nf1 Rd8 22. b4 Nd3 23. h4 Nxf4 0-1

[Event "SR 3. liga A2 2013/2014"]
[Site "?"]
[Date "2014.01.05"]
[Round "6.6"]
[White "Slamena, Michal"]
[Black "Csefalvay, Stefan"]
[Result "1-0"]
[WhiteElo "1991"]
[BlackElo "1852"]
[PlyCount "63"]
[EventDate "2013.??.??"]

1. e4 b6 2. d4 Bb7 3. Nc3 e6 4. Bd3 Nf6 5. Bg5 Bb4 6. Nge2 h6 7. Bd2 d5 8. e5
Nfd7 9. Nb5 Be7 10. a4 c5 11. c3 Nc6 12. O-O a5 13. f4 cxd4 14. cxd4 Nb4 15.
Bxb4 Bxb4 16. f5 exf5 17. Bxf5 Bc6 18. e6 Nf6 19. Nf4 fxe6 20. Nxe6 Qe7 21.
Nbc7+ Kf7 22. Rc1 Qd6 23. Qc2 Bd7 24. Bg6+ Ke7 25. Nxg7 Rac8 26. Qe2+ Kd8 27.
Nce6+ Bxe6 28. Nxe6+ Kd7 29. Rxc8 Rxc8 30. Rxf6 Rc1+ 31. Rf1 Rxf1+ 32. Qxf1 1-0

[Event "SR 3. liga A2 2013/2014"]
[Site "?"]
[Date "2014.01.05"]
[Round "6.6"]
[White "Vizvari, Ludovit"]
[Black "Drgon, Matus"]
[Result "1-0"]
[WhiteElo "1996"]
[BlackElo "1712"]
[PlyCount "91"]
[EventDate "2013.??.??"]

1. d4 Nf6 2. c4 g6 3. Nc3 Bg7 4. e4 d6 5. Nf3 O-O 6. Be2 Nbd7 7. O-O c5 8. d5
Ne5 9. Ne1 a6 10. Bg5 Qc7 11. Qd2 Rd8 12. Rc1 e6 13. f4 Ned7 14. dxe6 fxe6 15.
f5 exf5 16. exf5 Rf8 17. fxg6 hxg6 18. Rd1 Ne5 19. Bxf6 Rxf6 20. Rxf6 Bxf6 21.
Nd5 Qg7 22. Nxf6+ Qxf6 23. Qxd6 Be6 24. Nf3 Ng4 25. Rd2 Rc8 26. h3 Ne3 27. Qe5
Qxe5 28. Nxe5 Kg7 29. b3 Rc7 30. g4 Kf6 31. Nf3 Rd7 32. Kf2 Rxd2 33. Nxd2 Nc2
34. Ne4+ Ke5 35. Nxc5 Bc8 36. Bd3 Nb4 37. Bxg6 Nxa2 38. Bf5 Bxf5 39. gxf5 Nc1
40. Ke3 Kxf5 41. Kd2 Na2 42. Nxb7 Nb4 43. Na5 Kg5 44. Kc3 Na2+ 45. Kd4 Kh4 46.
c5 1-0

[Event "SR 3. liga A2 2013/2014"]
[Site "?"]
[Date "2014.01.05"]
[Round "6.6"]
[White "Gajarsky, Roman"]
[Black "Feher, Tibor"]
[Result "1-0"]
[WhiteElo "1797"]
[BlackElo "1815"]
[PlyCount "79"]
[EventDate "2013.??.??"]

1. e4 e5 2. Nf3 Nf6 3. Nc3 Nc6 4. Bc4 Bc5 5. d3 d6 6. Bg5 h6 7. Bxf6 Qxf6 8.
Nd5 Qd8 9. c3 O-O 10. h3 Na5 11. Bb3 Nxb3 12. axb3 Be6 13. b4 Bxd5 14. bxc5 Be6
15. cxd6 Qxd6 16. O-O Rfd8 17. d4 exd4 18. Nxd4 Bc4 19. Re1 c5 20. Nf5 Qxd1 21.
Raxd1 Bb3 22. Rxd8+ Rxd8 23. Ra1 a6 24. Ra5 Rd1+ 25. Kh2 c4 26. Rd5 Rxd5 27.
exd5 Bc2 28. Nd6 b6 29. Nxc4 b5 30. Ne3 Bd3 31. Kg3 Kf8 32. Kf4 g6 33. Ke5 Ke7
34. d6+ Kd7 35. Kd5 a5 36. Ng4 Bc4+ 37. Kc5 f5 38. Ne5+ Ke6 39. Nxc4 bxc4 40.
Kc6 1-0

[Event "SR 3. liga A2 2013/2014"]
[Site "?"]
[Date "2014.01.05"]
[Round "6.6"]
[White "Bogi, Timea"]
[Black "Janas, Peter"]
[Result "0-1"]
[WhiteElo "1589"]
[BlackElo "1707"]
[PlyCount "86"]
[EventDate "2013.??.??"]

1. e4 d5 2. e5 Bf5 3. d4 f6 4. Nf3 e6 5. Nh4 Be4 6. Nf3 c5 7. c3 c4 8. Nbd2 Bg6
9. Qe2 f5 10. g3 Be7 11. Bg2 Nh6 12. Nf1 Nf7 13. h3 Nc6 14. h4 h5 15. Bf4 a6
16. Qd2 b5 17. Ng5 Nxg5 18. Bxg5 Bxg5 19. hxg5 Qb6 20. Bf3 Bf7 21. g4 fxg4 22.
Bxg4 O-O-O 23. Bh3 Ne7 24. Ng3 Bg6 25. f4 h4 26. Ne2 Bf5 27. O-O-O Rdf8 28.
Rdg1 Be4 29. Rh2 Kd7 30. Bg2 Bxg2 31. Rgxg2 Nf5 32. Rh3 Qd8 33. Ng1 Rh7 34.
Rgh2 Rfh8 35. Qg2 Qf8 36. Qg4 b4 37. Kc2 a5 38. Kd2 g6 39. Qd1 Kc6 40. Qa4+ Kb6
41. cxb4 axb4 42. a3 Nxd4 43. axb4 Qxf4+ 0-1

[Event "SR 3. liga A2 2013/2014"]
[Site "?"]
[Date "2014.01.11"]
[Round "6.4"]
[White "Kavon, Rastislav"]
[Black "Horak, Ivan"]
[Result "1-0"]
[WhiteElo "2026"]
[BlackElo "2070"]
[PlyCount "105"]
[EventDate "2013.??.??"]

1. e4 c5 2. Nf3 d6 3. d4 cxd4 4. Nxd4 Nf6 5. Nc3 a6 6. Be3 e6 7. f3 Qc7 8. Qd2
b5 9. O-O-O Bb7 10. g4 b4 11. Nce2 d5 12. e5 Nfd7 13. f4 Nc6 14. Bg2 Bc5 15.
Nxc6 Qxc6 16. Bxc5 Qxc5 17. Nd4 O-O-O 18. Rhe1 Rhe8 19. Re2 Kb8 20. f5 Rc8 21.
fxe6 fxe6 22. Rf1 Qe7 23. Kb1 Rf8 24. Ree1 Rxf1 25. Bxf1 Rf8 26. Bxa6 h6 27.
Bxb7 Kxb7 28. c3 Nb6 29. b3 bxc3 30. Qxc3 Rc8 31. Qd2 Nd7 32. Qe2 Rc5 33. Qd2
Nb6 34. Rc1 Rxc1+ 35. Qxc1 Qd7 36. Qc5 Qe8 37. Kb2 Ka6 38. Kc3 Qd7 39. Qc6
Qxc6+ 40. Nxc6 Nd7 41. Kd4 Kb6 42. Nb4 Nb8 43. h4 Kb5 44. Nxd5 Nc6+ 45. Ke4
exd5+ 46. Kxd5 Nb4+ 47. Kd6 Nxa2 48. e6 Nc3 49. e7 Ne4+ 50. Kc7 Nf6 51. Kd8 g5
52. hxg5 hxg5 53. e8=Q+ 1-0

[Event "SR 3. liga A2 2013/2014"]
[Site "?"]
[Date "2014.01.11"]
[Round "6.4"]
[White "Sefcik, Marek"]
[Black "Jablonicky, Martin"]
[Result "0-1"]
[WhiteElo "2030"]
[BlackElo "1967"]
[PlyCount "133"]
[EventDate "2013.??.??"]

1. d4 d6 2. Bf4 Nd7 3. Nf3 g6 4. e3 Bg7 5. h3 e5 6. Bh2 Ne7 7. Bc4 O-O 8. O-O
c6 9. c3 a5 10. a4 h6 11. dxe5 dxe5 12. Nbd2 Kh7 13. e4 Rb8 14. Qe2 Qc7 15.
Rfe1 f6 16. Nd4 Qb6 17. Ne6 Re8 18. Nxg7 Kxg7 19. Nf3 Qc5 20. Red1 b5 21. axb5
cxb5 22. Be6 Nb6 23. Bxc8 Rexc8 24. Rxa5 Nc4 25. Raa1 b4 26. b3 Na5 27. cxb4
Rxb4 28. Nd2 Nxb3 29. Nxb3 Rxb3 30. h4 Qb6 31. g4 Rb2 32. Rd2 Rxd2 33. Qxd2 Rd8
34. Qa2 Nc6 35. Qe6 Rd2 36. Bg3 Rd3 37. Kh2 Qc7 38. Rc1 Rd6 39. Qc4 Qd7 40. Qb5
Nd4 41. Qxd7+ Rxd7 42. g5 hxg5 43. hxg5 Nf3+ 44. Kg2 Nxg5 45. f3 Rd2+ 46. Bf2
Ne6 47. Kg3 Nf4 48. Rc7+ Kh6 49. Rc6 Kg5 50. Ra6 Rd3 51. Be1 Nh5+ 52. Kg2 Kf4
53. Ra2 Rxf3 54. Bd2+ Kg4 55. Bc1 Nf4+ 56. Kh2 Rh3+ 57. Kg1 Rg3+ 58. Kh2 Nd3
59. Bd2 Kf3 60. Be3 Rg4 61. Bb6 Rxe4 62. Ra3 Rh4+ 63. Kg1 e4 64. Bf2 Rg4+ 65.
Kf1 Rg2 66. Bg1 Rc2 67. Ra1 0-1

[Event "SR 3. liga A2 2013/2014"]
[Site "?"]
[Date "2014.01.11"]
[Round "6.4"]
[White "Jablonicky, Frantisek"]
[Black "Kovarik, Oto"]
[Result "0-1"]
[WhiteElo "2146"]
[BlackElo "1925"]
[PlyCount "90"]
[EventDate "2013.??.??"]

1. Nf3 d5 2. d4 e6 3. c4 Nf6 4. g3 c5 5. cxd5 exd5 6. Bg2 cxd4 7. Nxd4 Bb4+ 8.
Bd2 Bxd2+ 9. Qxd2 O-O 10. Nc3 Nc6 11. Rd1 a6 12. O-O h6 13. Nb3 Be6 14. Nxd5
Nxd5 15. Bxd5 Bxd5 16. Qxd5 Qf6 17. Rd2 Rad8 18. Qf3 Qxf3 19. exf3 Rxd2 20.
Nxd2 Rd8 21. Ne4 Rd4 22. g4 Ne5 23. Kg2 b6 24. Rc1 Rd3 25. Rc8+ Kh7 26. Rc3 Rd4
27. h3 Kg6 28. Rb3 Nc4 29. Rb4 Ne3+ 30. fxe3 Rxb4 31. b3 a5 32. Nc3 f5 33. Nd5
fxg4 34. Nxb4 gxf3+ 35. Kxf3 axb4 36. Kg4 Kf6 37. h4 g6 38. Kf4 Ke6 39. e4 Kf6
40. e5+ Ke6 41. Ke4 g5 42. h5 g4 43. Kf4 g3 44. Kxg3 Kxe5 45. Kg4 Ke4 0-1

[Event "SR 3. liga A2 2013/2014"]
[Site "?"]
[Date "2014.01.11"]
[Round "6.4"]
[White "Husek, Lubomir"]
[Black "Kucharek, Jaroslav"]
[Result "0-1"]
[WhiteElo "1829"]
[BlackElo "2074"]
[PlyCount "112"]
[EventDate "2013.??.??"]

1. e4 e5 2. Nf3 Nc6 3. Bc4 Be7 4. Nc3 Nf6 5. d3 d6 6. h3 Na5 7. Bb3 Nxb3 8.
axb3 c6 9. O-O O-O 10. Qe2 Qc7 11. d4 Be6 12. dxe5 dxe5 13. Be3 b6 14. Ng5 Bd7
15. Rfd1 h6 16. Nf3 Be6 17. Ra6 Bc8 18. Raa1 a5 19. Nd2 Ba6 20. Qf3 b5 21. Nf1
Rad8 22. Ng3 Bc8 23. Nf5 Bxf5 24. Qxf5 g6 25. Qf3 Kg7 26. Kh2 Rxd1 27. Rxd1 Rd8
28. Re1 Nh7 29. Qg3 Bd6 30. Qh4 h5 31. g4 Be7 32. g5 f6 33. gxf6+ Bxf6 34. Qg3
g5 35. Rg1 Kf8 36. Qf3 Qf7 37. Bb6 Rd2 38. Qf5 Bd8 39. Qxf7+ Kxf7 40. Bxd8 Rxd8
41. Rd1 Rxd1 42. Nxd1 Nf6 43. f3 h4 44. Kg2 Nh5 45. Nf2 Nf4+ 46. Kf1 Ke6 47.
Ke1 Kd6 48. Kd2 c5 49. Ke3 c4 50. bxc4 bxc4 51. c3 Kc5 52. Kd2 Kb5 53. Kc2 Ka4
54. Ng4 Nxh3 55. Nxe5 Nf2 56. Nxc4 h3 0-1

[Event "SR 3. liga A2 2013/2014"]
[Site "?"]
[Date "2014.01.11"]
[Round "6.4"]
[White "Mackovic, Matus"]
[Black "Hrubos, Milan"]
[Result "1/2-1/2"]
[WhiteElo "1913"]
[BlackElo "1772"]
[PlyCount "76"]
[EventDate "2013.??.??"]

1. e4 e5 2. Nf3 Nc6 3. Bb5 a6 4. Ba4 Nf6 5. O-O d6 6. d4 b5 7. dxe5 dxe5 8.
Qxd8+ Kxd8 9. Bb3 Ke8 10. Nc3 Bd6 11. Re1 h6 12. h3 Na5 13. Nd5 Nxd5 14. exd5
Nxb3 15. axb3 f6 16. c4 Bb7 17. Bd2 Kf7 18. Rac1 c5 19. Be3 b4 20. Nd2 f5 21.
g4 g6 22. f3 h5 23. g5 Rhe8 24. Bf2 a5 25. Ra1 Bc8 26. Ra2 Re7 27. Rea1 Rea7
28. Nf1 Bd7 29. Nd2 a4 30. bxa4 Rxa4 31. Rxa4 Rxa4 32. Rxa4 Bxa4 33. b3 Bd7 34.
Nf1 f4 35. Nd2 Bf5 36. h4 Ke7 37. Kf1 Kd7 38. Ke2 Bc2 1/2-1/2